Statistics for Animal Species #8

Click here to take the quiz!

General Stats

  • This quiz has been taken 46 times
  • The average score is 14 of 21

Answer Stats

Answer% Correct
Bornean {Orangutan}
100%
Pacific {Walrus}
100%
Wild {Turkey}
100%
{Platypus}
97%
Greater {Flamingo}
95%
{Honey} Badger
95%
Pileated {Woodpecker}
95%
{Guinea} {Pig}
92%
Blue {Catfish}
85%
Short-Beaked {Echidna}
67%
Eurasian Tree {Sparrow}
64%
{Groundhog}
64%
Common {Vampire} Bat
62%
{Green} {Sea} Turtle
59%
Spectacled {Caiman}
49%
Bearded Emperor {Tamarin}
41%
Long-spine {Porcupine}fish
28%
Fischer's {Lovebird}
26%
Common {Clothes} Moth
18%
{Pink} {Sea} Star
15%
{Yellow} {Tube} Sponge
5%

Score Distribution

Percentile by Number Answered

Percent of People with Each Score

Your Score History

You have not taken this quiz